书目信息 |
| 题名: |
物流专业英语
|
|
| 作者: | 李耀华 主编 | |
| 分册: | ||
| 出版信息: | 郑州 河南科学技术出版社 2009.01 |
|
| 页数: | 228页 | |
| 开本: | 26cm | |
| 丛书名: | ||
| 单 册: | ||
| 中图分类: | H31 | |
| 科图分类: | ||
| 主题词: | 英语 , 物流--英语--高等学校--教材 , 物流 | |
| 电子资源: | ||
| ISBN: | 978-7-5349-4103-0 | |
| 000 | 00903nam0 2200277 450 | |
| 001 | 1139703501 | |
| 005 | 20111228110202.09 | |
| 010 | @a978-7-5349-4103-0@dCNY28.00 | |
| 090 | @aH31@blyh | |
| 096 | @aH31@blyh | |
| 100 | @a20090527d2009 em y0chiy50 ea | |
| 101 | 0 | @achi@aeng |
| 102 | @aCN@b410000 | |
| 105 | @aa z 000yy | |
| 200 | 1 | @a物流专业英语@9wu liu zhuan ye ying yu@b专著@f李耀华主编 |
| 210 | @a郑州@c河南科学技术出版社@d2009.01 | |
| 215 | @a228页@c图@d26cm | |
| 300 | @a“十一五”高等院校物流管理专业规划教材 | |
| 330 | @a本书涵盖所有物流管理专业开设的基础和主干课程,如运输、仓储、库存、包装、采购、物流信息、供应链管理、第三方物流、客户服务和国际物流介绍等。 | |
| 606 | 0 | @a英语 |
| 606 | 0 | @a物流@x英语@x高等学校@j教材 |
| 606 | 0 | @a物流 |
| 690 | @aH31@v4 | |
| 701 | 0 | @a李耀华@c(大学教师)@9li yao hua@4主编 |
| 801 | 0 | @aCN@b110019@c20090227 |
| 905 | @aZUCC@dH31@eL3122 | |
| 物流专业英语/李耀华主编.-郑州:河南科学技术出版社,2009.01 |
| 228页:图;26cm |
| “十一五”高等院校物流管理专业规划教材 |
| ISBN 978-7-5349-4103-0:CNY28.00 |
| 本书涵盖所有物流管理专业开设的基础和主干课程,如运输、仓储、库存、包装、采购、物流信息、供应链管理、第三方物流、客户服务和国际物流介绍等。 |
| ● |
| 相关链接 |
|
|
|
正题名:物流专业英语
索取号:H31/L3122
 
预约/预借
| 序号 | 登录号 | 条形码 | 馆藏地/架位号 | 状态 | 备注 |
| 1 | 467067 | 204670677 | 语言库209/209语言库 83排4列1层/ [索取号:H31/L3122] | 在馆 | |
| 2 | 467068 | 204670686 | 语言库209/209语言库 83排4列1层/ [索取号:H31/L3122] | 在馆 |